|
|
|
|
| LEADER |
00000nab a2200000 a 4500 |
| 001 |
vtls009474872 |
| 003 |
SK-MaSNL |
| 005 |
20260304213634.0 |
| 008 |
140429c2008 xo |r|p|||||||000 b|slo |
| 015 |
|
|
|a SNBRB2009/02
|2 snkbucl
|
| 038 |
|
|
|a SNKBUCL
|
| 040 |
|
|
|a SNKBUCL
|b slo
|c SNKBUCL
|e AACR2
|
| 041 |
0 |
|
|a slo
|
| 044 |
|
|
|a xo
|c SK
|
| 080 |
|
|
|a 82.09:821.162.4-93
|x (082)
|x (048)
|2 2001
|
| 080 |
|
|
|a 821.162.4-93
|x (082)
|x (048)
|2 2001
|
| 080 |
|
|
|a 821.162.4-32
|x (0.053.2)
|x (082)
|x (048)
|2 2001
|
| 100 |
1 |
|
|a Lazurová, Anna,
|d 1982-
|4 aut
|9 319457
|
| 245 |
1 |
0 |
|a Anjelik vo vysokej tráve
|c Anna Lazurová
|
| 650 |
0 |
7 |
|a slovenské poviedky
|2 snkbucl
|9 111049
|
| 650 |
0 |
7 |
|a poviedky pre deti
|2 snkbucl
|9 30931
|
| 655 |
|
7 |
|a recenzie
|2 snkbucl
|9 21907
|
| 655 |
|
7 |
|a publikácie pre deti
|2 snkbucl
|9 70148
|
| 773 |
0 |
|
|t Bibiana
|g Roč. XV, č. 4 (2008), s. 65-67
|x 1335-7263
|
| 787 |
0 |
8 |
|i Rec.:
|t Anjelik vo vysokej tráve : poviedky pre deti
|d Bratislava : Perfekt, 2007
|z 9788080463793
|
| 852 |
|
|
|a Slovenská národná knižnica
|
| 958 |
|
|
|a LX
|
| 958 |
|
|
|a SK
|
| 958 |
|
|
|a RC
|
| 999 |
|
|
|c 3136839
|d 3138769
|